00707nam a2200241 a 4500001001300000003000900013005001700022008004100039020002300080082001600103100002300119245002700142260004400169300000900213500003500222505001000257650002600267700002300293902000800316942000700324952011700331999001700448nice12345678IN_TiNIC20260116014626.0070308s2002 lona grp 000 0 eng  a0195661109 c59500a305.80bHOR aHorowitz, Donald L aThe Deadly Ethnic Riot aLondan bOxford University Press c2002 a588p aincludes index and biblioraphy2 aIndex aEthnic Conflict-India1 aHorowitz, Donald L bSRS cBK 001040708StackRoom-aHMIbHMId2012-03-16g595.00l0o305.80 HORp021848r2012-03-16v595.00w2007-03-08yBK c16286d16286